| 000 | 01175pam a2200325 a 4500 | ||
|---|---|---|---|
| 999 |
_c99196 _d99196 |
||
| 001 | 2439335 | ||
| 003 | ARRUPE | ||
| 005 | 20170614104001.0 | ||
| 008 | 881003s1989 inua b s001 0 eng | ||
| 010 | _a 88046021 | ||
| 020 | _a0253331900 | ||
| 020 | _a0253205344 (pbk.) | ||
| 040 |
_aDLC _cDLC _dDLC |
||
| 043 | _af-sl--- | ||
| 050 | 0 | 0 |
_aDT516.45.K85 _bJ3 1989 |
| 082 | 0 | 0 |
_a306/.089963 _219 |
| 100 | 1 |
_aJackson, Michael, _d1940- _932562 |
|
| 245 | 1 | 0 |
_aPaths toward a clearing : _bradical empiricism and ethnographic inquiry / _cMichael Jackson. |
| 260 |
_aBloomington : _bIndiana University Press, _cc1989. |
||
| 300 |
_axi, 239 p. : _bill. ; _c25 cm. |
||
| 440 | 0 |
_aAfrican systems of thought _920091 |
|
| 504 | _aIncludes bibliographical references (p. [218]-232). | ||
| 650 | 0 |
_aKuranko (African people) _932563 |
|
| 650 | 0 |
_aEthnology _xPhilosophy. _932564 |
|
| 650 | 0 |
_aEthnophilosophy. _932565 |
|
| 650 | 0 |
_aKnowledge, Theory of. _932566 |
|
| 906 |
_a7 _bcbc _corignew _d1 _eocip _f19 _gy-gencatlg |
||
| 942 |
_2lcc _cMONOGRAPH |
||